Illustrated science encyclopaedia [vol 18] (Record no. 299727)
[ view plain ]
| 000 -LEADER | |
|---|---|
| fixed length control field | 00330 a2200121 4500 |
| 001 - CONTROL NUMBER | |
| control field | 64654 |
| 003 - CONTROL NUMBER IDENTIFIER | |
| control field | NUST |
| 005 - DATE AND TIME OF LATEST TRANSACTION | |
| control field | 20180119101746.0 |
| 008 - FIXED-LENGTH DATA ELEMENTS--GENERAL INFORMATION | |
| fixed length control field | 180119b xxu||||| |||| 00| 0 eng d |
| 082 ## - DEWEY DECIMAL CLASSIFICATION NUMBER | |
| Classification number | 503 STE |
| 100 ## - MAIN ENTRY--PERSONAL NAME | |
| Personal name | Vaughan R S |
| 9 (RLIN) | 9035 |
| 245 ## - TITLE STATEMENT | |
| Title | Illustrated science encyclopaedia [vol 18] |
| Number of part/section of a work | vol. 18 |
| 260 ## - PUBLICATION, DISTRIBUTION, ETC. | |
| Place of publication, distribution, etc. | Austin |
| Name of publisher, distributor, etc. | Raintree steck-vaugen |
| Date of publication, distribution, etc. | 1997 |
| 300 ## - PHYSICAL DESCRIPTION | |
| Extent | 96p. |
| Accompanying material | CD and one annual book |
| 942 ## - ADDED ENTRY ELEMENTS (KOHA) | |
| Institution code [OBSOLETE] | NUST-CAE |
| Koha item type | Book |
| Call number prefix | 503.STE |
| Source of classification or shelving scheme | |
| Withdrawn status | Lost status | Damaged status | Not for loan | Collection code | Permanent Location | Current Location | Date acquired | Total Checkouts | Full call number | Barcode | Date last seen | Price effective from | Koha item type |
|---|---|---|---|---|---|---|---|---|---|---|---|---|---|
| College of Aeronautical Engineering (CAE) | College of Aeronautical Engineering (CAE) | 04/03/2017 | 503.STE | CAEN-2838 | 04/05/2017 | 04/05/2017 | Book |
